Hitchcock Movies by Picture - Statistics

General Stats
  • This quiz has been taken 295 times
  • The average score is 8 of 12
Answer Stats
Picture Hint Answer % Correct
1960 Psycho
100%
1963 The Birds
95%
1954 Rear Window
89%
1958 Vertigo
87%
1959 North by Northwest
82%
1954 Dial M for Murder
60%
1948 Rope
60%
1940 Rebecca
56%
1964 Marnie
49%
1955 To Catch a Thief
45%
1956 The Man Who Knew Too Much
44%
1946 Notorious
39%
No matching quizzes found
Score Distribution
Percent of People with Each Score
Percentile by Number Answered
Your Score History
You have not taken this quiz